| 000 | 01240nam a22002177a 4500 | ||
|---|---|---|---|
| 999 |
_c58861 _d58861 |
||
| 003 | Ge_BSU | ||
| 005 | 20221011121018.0 | ||
| 008 | 221011s1988 ge ||||| |||| 00| 0 geo d | ||
| 041 | _ageo | ||
| 080 | _a1(430)(092ნიცშე, ფ.) + 1(489)(092კირკეგორი, ს.) + 316.37 პ-61 | ||
| 100 |
_aპოპიაშვილი, ავთანდილ _915234 |
||
| 245 |
_aინდივიდის პრობლემა ს. კირკეგორისა და ფ. ნიცშეს ფილოსოფიაში / _cავთანდილ პოპიაშვილი ; [რედ.: ვ. გოგობერიშვილი] ; საქ. სსრ მეცნ. აკად., ფილოსოფიის ინ-ტი. |
||
| 264 |
_aთბილისი : _bმეცნიერება, _c1988. |
||
| 300 |
_a252 გვ. ; _b21 სმ. |
||
| 504 | _aბიბლიოგრ.: გვ. 246-250 | ||
| 520 | _aრეზ. რუს. | ||
| 653 | _aინდივიდის პრობლემა | ||
| 653 | _aკირკეგორი ს. ნიცშე ფ. | ||
| 700 |
_aგოგობერიშვილი, ვ. _eრედაქტორი _915235 |
||
| 942 |
_2udc _cBK |
||